Statistics for Brazil A-Z

Click here to take the quiz!

General Stats

  • This quiz has been taken 702 times
  • The average score is 15 of 26

Answer Stats

HintAnswer% Correct
BCapital cityBrasilia
98%
ALongest riverAmazon
97%
POfficial languagePortuguese
95%
QHow do you say "what" in P?Que
85%
CFestival held before the
Ash Wednesday
Carnival
83%
WEvent hosted in 1950 and 2014World Cup
81%
SGenre of music played at CSamba
79%
FTerm for a shanty Brazilian townFavela
72%
JOne of most common male nameJose or João
71%
RCurrencyReal
70%
GCowboys in southern BrazilGaúcho
68%
IWaterfall shared with ArgentinaIguazu Falls
62%
URiver that makes most of the
Brazil-Argentina border
Uruguay
61%
MBiggest city on AManaus
60%
OWord that means order in P
and appears on the flag
Ordem
55%
HBrazil has a very high rate of thisHomicide
54%
YWhat "sim" means in PYes
54%
KRetired professional footballerKaká
47%
TBrazilwood the national what?Tree
42%
NClosest state capital to AfricaNatal
38%
DType of natural harm Brazil
is known for
Deforestation
34%
Z"The White Pelé"Zico
31%
LThe "forbidden dance" from ParáLambada
27%
VMajor mining corporationVale
14%
XMajor tributary of AXingu
11%
ELargest power utility companyEletrobras
10%

Score Distribution

Percentile by Number Answered

Percent of People with Each Score

Your Score History

You have not taken this quiz